000 00542ntaaa2200193 4500
003 01
005 20251027201728.0
008 0714s1973 ag 01
040 _aAR-BaBN
_bspa
_cAR-BaBN
_eaacr
_dRIC
082 _a234.7000 C71
100 _aColquhoun, Frank
_915523
245 _aThe meaning of justification
250 _a1 ed.
260 _aLondon :
_bTyndale Press,
_c1962
300 _a32 p
500 _aEl significado de la justificaciónLibro perdido juego de ficha retirado 26.8.76
650 _ajustificación
_913477
942 _cBK
999 _c11946
_d11946